[Event "WYCC U18 Open 2019"]
[Site "Mumbai"]
[Date "2019.10.10"]
[Round "9.3"]
[White "Mitrabha, Guha"]
[Black "Blohberger, Felix"]
[Result "1/2-1/2"]
[WhiteElo "2434"]
[BlackElo "2448"]
[Annotator "ChessBase"]
[PlyCount "40"]
[EventDate "2019.10.02"]
[EventType "swiss"]
[EventCountry "IND"]
[SourceTitle "playchess.com"]
[Source "ChessBase"]
[SourceQuality "1"]
[TimeControl "40/5400+30:1800+30"]

1. d4 {[%emt 0:05:54]} Nf6 {[%emt 0:00:00]} 2. c4 {[%emt 0:00:07]} g6 {[%emt 0:00:00]} 3. g3 {[%emt 0:00:11]} Bg7 {[%emt 0:00:00]} 4. Bg2 {[%emt 0:00:06]} O-O {[%emt 0:00:00]} 5. Nc3 {[%emt 0:00:04]} Nc6 {[%emt 0:00:18]} 6. Nf3 {[%emt 0:00:46]} d5 {[%emt 0:00:29]} 7. Ne5 {[%emt 0:02:25]} dxc4 {[%emt 0:00:45]} 8. Nxc6 {[%emt 0:00:28]} bxc6 {[%emt 0:00:06]} 9. Bxc6 {[%emt 0:00:06]} Rb8 {[%emt 0:00:11]} 10. Bg2 {[%emt 0:00:12]} Bb7 {[%emt 0:20:40]} 11. e4 {[%emt 0:01:28]} e5 {[%emt 0:04:48]} 12. d5 {[%emt 0:00:37]} c6 {[%emt 0:01:38]} 13. O-O {[%emt 0:00:45]} cxd5 {[%emt 0:00:54]} 14. exd5 {[%emt 0:00:05]} Qa5 {[%emt 0:08:37]} 15. Bd2 {[%emt 0:18:41]} Rfd8 {[%emt 0:09:17]} 16. Re1 {[%emt 0:14:02]} Qc7 {[%emt 0:05:18]} 17. Be3 {[%emt 0:06:59]} Qa5 {[%emt 0:06:29]} 18. Bd2 {[%emt 0:09:47]} Qc7 {[%emt 0:01:04]} 19. Be3 {[%emt 0:11:58]} Qa5 {[%emt 0:01:26]} 20. Bd2 {[%emt 0:01:58]} Qc7 {[%emt 0:00:07]} 1/2-1/2

[Event "WYCC U18 Open 2019"]
[Site "Mumbai"]
[Date "2019.10.10"]
[Round "9.4"]
[White "Pultinevicius, Paulius"]
[Black "Gazik, Viktor"]
[Result "1-0"]
[WhiteElo "2503"]
[BlackElo "2546"]
[Annotator "ChessBase"]
[PlyCount "83"]
[EventDate "2019.10.02"]
[EventType "swiss"]
[EventCountry "IND"]
[SourceTitle "playchess.com"]
[Source "ChessBase"]
[SourceQuality "1"]
[TimeControl "40/5400+30:1800+30"]

1. d4 {[%emt 0:00:12]} f5 {[%emt 0:00:00]} 2. g3 {[%emt 0:01:07]} Nf6 {[%emt 0:00:00]} 3. Bg2 {[%emt 0:00:59]} g6 {[%emt 0:00:00]} 4. Nh3 {[%emt 0:01:39]} Bg7 {[%emt 0:01:15]} 5. Nf4 {[%emt 0:00:42]} O-O {[%emt 0:05:49]} 6. h4 {[%emt 0:01:10]} Nc6 {[%emt 0:03:02]} 7. d5 {[%emt 0:01:39]} Ne5 8. Nc3 {[%emt 0:02:28]} c6 {[%emt 0:05:43]} 9. e4 {[%emt 0:04:35]} fxe4 {[%emt 0:13:01]} 10. Nxe4 {[%emt 0:00:16]} Nxd5 {[%emt 0:02:29]} 11. Nxd5 {[%emt 0:00:31]} cxd5 {[%emt 0:00:06]} 12. Qxd5+ {[%emt 0:01:07]} e6 {[%emt 0:00:05]} 13. Qd1 {[%emt 0:09:14]} d5 {[%emt 0:01:19]} 14. Nc3 {[%emt 0:00:39]} Qf6 {[%emt 0:16:08]} 15. O-O {[%emt 0:05:08]} Bd7 {[%emt 0:00:04]} 16. Qe2 {[%emt 0:01:35]} Bc6 {[%emt 0:07:31]} 17. Bf4 {[%emt 0:07:00]} Nc4 {[%emt 0:03:54]} 18. Rab1 {[%emt 0:20:46]} Rae8 {[%emt 0:14:17]} 19. Rfe1 {[%emt 0:15:56]} Qd8 {[%emt 0:07:02]} 20. Bg5 {[%emt 0:02:45]} Qa5 {[%emt 0:04:07]} 21. Qg4 {[%emt 0:08:21]} Nxb2 {[%emt 0:07:10]} 22. Ne2 {[%emt 0:01:09]} Nc4 {[%emt 0:02:35]} 23. Nd4 {[%emt 0:02:03]} h5 {[%emt 0:02:47]} 24. Qd1 {[%emt 0:01:21]} Qc5 {[%emt 0:01:35]} 25. Nxe6 {[%emt 0:01:57]} Qxf2+ {[%emt 0:00:43]} 26. Kh1 {[%emt 0:00:23]} Bc3 {[%emt 0:01:38]} 27. Rf1 {[%emt 0:02:58]} Qxg3 {[%emt 0:00:25]} 28. Rxf8+ {[%emt 0:01:11]} Rxf8 {[%emt 0:00:01]} 29. Qd3 {[%emt 0:01:18]} Qxd3 {[%emt 0:00:55]} 30. cxd3 {[%emt 0:00:05]} Nd6 {[%emt 0:00:41]} 31. Nxf8 {[%emt 0:00:31]} Kxf8 {[%emt 0:00:01]} 32. Bh3 {[%emt 0:02:53]} Kg7 {[%emt 0:00:37]} 33. Bf4 {[%emt 0:01:11]} Nb5 {[%emt 0:00:37]} 34. a4 {[%emt 0:01:04]} Na3 {[%emt 0:00:19]} 35. Rb3 {[%emt 0:00:17]} d4+ {[%emt 0:00:57]} 36. Bg2 {[%emt 0:00:13]} Nc2 {[%emt 0:00:04]} 37. Bxc6 {[%emt 0:00:40]} bxc6 {[%emt 0:00:02]} 38. Rb7+ {[%emt 0:00:27]} Kf6 {[%emt 0:01:11]} 39. Rxa7 {[%emt 0:00:18]} Nb4 {[%emt 0:00:21]} 40. a5 {[%emt 0:01:08]} c5 {[%emt 0:00:53]} 41. Rc7 {[%emt 0:31:03]} Nd5 {[%emt 0:06:32]} 42. Rc6+ {[%emt 0:00:00]} 1-0

[Event "WYCC U18 Open 2019"]
[Site "Mumbai"]
[Date "2019.10.10"]
[Round "9.5"]
[White "Davtyan, Artur"]
[Black "Sydoryka, Vladyslav"]
[Result "1/2-1/2"]
[WhiteElo "2418"]
[BlackElo "2247"]
[Annotator "NA"]
[PlyCount "105"]
[EventDate "2019.10.02"]
[EventType "swiss"]
[EventCountry "IND"]
[SourceTitle "playchess.com"]
[Source "ChessBase"]
[SourceQuality "1"]
[TimeControl "40/5400+30:1800+30"]

1. d4 {[%emt 0:00:00]} Nf6 {[%emt 0:00:00]} 2. Nf3 {[%emt 0:01:27]} c5 {[%emt 0:00:00]} 3. d5 {[%emt 0:00:04]} b5 {[%emt 0:00:00]} 4. Bg5 {[%emt 0:01:25]} Qb6 {[%emt 0:00:06]} 5. c3 {[%emt 0:04:54]} Bb7 {[%emt 0:12:05]} 6. Bxf6 {[%emt 0:00:15] A43: Schmid Benoni} exf6 {[%emt 0:00:36]} 7. e4 {[%emt 0:02:24]} Be7 $146 {[%emt 0:02:14]} ({Predecessor:} 7... c4 8. Be2 Na6 9. a4 Nc5 10. axb5 Nxe4 11. O-O Bc5 12. Bxc4 Bxf2+ 13. Kh1 {0-1 (50) Ly,M (2402)-Nguyen,N (2662) Ho Chi Minh City 2012}) 8. a4 {[%emt 0:01:35]} b4 {[%emt 0:16:48]} 9. Nbd2 {[%emt 0:08:05]} Ba6 {[%emt 0:01:25]} 10. Bc4 {[%emt 0:22:54]} Bxc4 {[%emt 0:09:20]} 11. Nxc4 {[%emt 0:00:18]} Qa6 {[%emt 0:00:07]} 12. Qe2 {[%emt 0:13:26]} bxc3 {[%emt 0:07:39]} 13. bxc3 {[%emt 0:00:06]} O-O {[%emt 0:00:41]} 14. O-O {[%emt 0:00:38]} d6 {[%emt 0:01:02]} 15. Rfb1 {[%emt 0:00:10]} Nd7 {[%emt 0:00:09]} 16. Rb5 {[%emt 0:00:12]} Bd8 {[%emt 0:08:12]} 17. Nfd2 {[%emt 0:12:06]} Bc7 {[%emt 0:03:17]} 18. Nb3 {[%emt 0:00:37]} Rab8 {[%emt 0:04:58]} 19. Nca5 {[%emt 0:05:14]} Ne5 $14 {[%emt 0:05:47]} 20. c4 {[%emt 0:05:22]} Rbe8 {[%emt 0:03:45]} 21. Nb7 {[%emt 0:05:40]} Re7 {[%emt 0:04:05]} 22. Qc2 {[%emt 0:04:35]} Rfe8 {[%emt 0:02:38]} 23. Nd2 {[%emt 0:02:06]} Ng6 {[%emt 0:03:51]} 24. g3 {[%emt 0:00:21]} Rd7 {[%emt 0:01:25]} 25. a5 {[%emt 0:02:10]} Bb6 {[%emt 0:03:12]} 26. Qa4 {[%emt 0:00:38]} Qxb7 {[%emt 0:01:41]} 27. Rab1 {[%emt 0:02:07]} Qa8 {[%emt 0:03:49]} 28. Rxb6 {[%emt 0:04:36]} axb6 {[%emt 0:00:23]} 29. Qxd7 {[%emt 0:00:02]} Ne5 {[%emt 0:01:07]} 30. Qb5 {[%emt 0:01:00]} bxa5 {[%emt 0:00:27]} 31. Ra1 {[%emt 0:00:15]} Qc8 {[%emt 0:03:41]} 32. Rxa5 {[%emt 0:00:15]} Rf8 {[%emt 0:00:57]} 33. f3 {[%emt 0:00:58]} f5 34. Qb3 {[%emt 0:00:13]} fxe4 {[%emt 0:00:31]} 35. Nxe4 {[%emt 0:00:01]} Qc7 {[%emt 0:00:45]} 36. Rb5 {[%emt 0:00:23]} h6 {[%emt 0:00:21]} 37. Kg2 {[%emt 0:00:14]} f5 {[%emt 0:00:13]} 38. Nf2 {[%emt 0:00:58]} f4 {[%emt 0:00:16]} 39. Rb7 {[%emt 0:00:29]} Qa5 {[%emt 0:01:08]} 40. Re7 {[%emt 0:00:58]} Ng6 {[%emt 0:00:45]} 41. Re6 {[%emt 0:30:33]} Ne5 {[%emt 0:30:22]} 42. gxf4 {[%emt 0:00:00]} Rxf4 {[%emt 0:00:00]} 43. Re8+ {[%emt 0:00:00]} Kh7 {[%emt 0:00:00]} 44. Qb1+ {[%emt 0:00:00]} g6 {[%emt 0:00:00]} 45. Qb7+ {[%emt 0:00:00]} Rf7 {[%emt 0:00:00]} 46. Re7 {[%emt 0:00:00]} Kg7 {[%emt 0:00:00]} 47. Rxf7+ {[%emt 0:00:00]} Nxf7 {[%emt 0:00:00]} 48. Qb2+ {[%emt 0:00:00]} Kf8 {[%emt 0:00:00]} 49. Ne4 {[%emt 0:01:24]} Qe1 {[%emt 0:00:00]} 50. Qb8+ {[%emt 0:01:49]} Kg7 {[%emt 0:00:00]} 51. Qb2+ {[%emt 0:00:01]} Kf8 {[%emt 0:00:00]} 52. Qb8+ {[%emt 0:00:29]} Kg7 {[%emt 0:00:00]} 53. Qb2+ {[%emt 0:00:16]} 1/2-1/2

[Event "WYCC U18 Open 2019"]
[Site "Mumbai"]
[Date "2019.10.10"]
[Round "9.6"]
[White "Arjun Kalyan"]
[Black "Chylewski, Patryk"]
[Result "1-0"]
[WhiteElo "2483"]
[BlackElo "2348"]
[Annotator "ChessBase"]
[PlyCount "61"]
[EventDate "2019.10.02"]
[EventType "swiss"]
[EventCountry "IND"]
[SourceTitle "playchess.com"]
[Source "ChessBase"]
[SourceQuality "1"]
[TimeControl "40/5400+30:1800+30"]

1. e4 {[%emt 0:00:00]} e5 {[%emt 0:00:00]} 2. Nf3 {[%emt 0:00:01]} Nc6 {[%emt 0:00:00]} 3. Bc4 {[%emt 0:00:15]} Bc5 {[%emt 0:00:00]} 4. O-O {[%emt 0:00:16]} Nf6 {[%emt 0:00:03]} 5. d3 {[%emt 0:00:06]} d6 {[%emt 0:00:09]} 6. c3 {[%emt 0:00:17]} a6 {[%emt 0:01:07]} 7. a4 {[%emt 0:00:23]} Ba7 {[%emt 0:00:10]} 8. Re1 {[%emt 0:00:30]} h6 {[%emt 0:03:35]} 9. Nbd2 {[%emt 0:00:44]} O-O {[%emt 0:00:09]} 10. h3 {[%emt 0:00:28]} Re8 {[%emt 0:00:56]} 11. b4 {[%emt 0:01:38]} Be6 {[%emt 0:03:15]} 12. Bxe6 {[%emt 0:00:22]} Rxe6 {[%emt 0:00:26]} 13. Qc2 {[%emt 0:00:13]} Re8 {[%emt 0:04:53]} 14. Nf1 {[%emt 0:04:20]} b5 {[%emt 0:11:29]} 15. Ng3 {[%emt 0:08:55]} d5 {[%emt 0:06:11]} 16. Nf5 {[%emt 0:18:12]} Qd7 {[%emt 0:01:20]} 17. Bxh6 {[%emt 0:15:04]} gxh6 {[%emt 0:03:33]} 18. Qc1 {[%emt 0:00:25]} dxe4 {[%emt 0:07:59]} 19. dxe4 {[%emt 0:00:46]} Nh7 {[%emt 0:09:11]} 20. Qxh6 {[%emt 0:00:59]} f6 {[%emt 0:00:08]} 21. Qg6+ {[%emt 0:01:40]} Kf8 {[%emt 0:01:05]} 22. Qh6+ {[%emt 0:04:05]} Kg8 {[%emt 0:00:05]} 23. Qg6+ {[%emt 0:00:05]} Kf8 {[%emt 0:00:04]} 24. Red1 {[%emt 0:00:41]} Qf7 {[%emt 0:00:10]} 25. Qxf7+ {[%emt 0:01:02]} Kxf7 {[%emt 0:00:05]} 26. Rd7+ {[%emt 0:00:02]} Kg8 {[%emt 0:12:11]} 27. Rxc7 {[%emt 0:01:17]} Nd8 {[%emt 0:03:28]} 28. axb5 {[%emt 0:01:12]} Ne6 {[%emt 0:00:33]} 29. Rb7 {[%emt 0:01:10]} Reb8 {[%emt 0:01:24]} 30. bxa6 {[%emt 0:04:03]} Bb6 {[%emt 0:00:11]} 31. Rd1 {[%emt 0:00:54]} 1-0

[Event "WYCC U18 Open 2019"]
[Site "Mumbai"]
[Date "2019.10.10"]
[Round "9.7"]
[White "Iniyan, P."]
[Black "Stoleriu, George"]
[Result "1/2-1/2"]
[WhiteElo "2509"]
[BlackElo "2351"]
[Annotator "ChessBase"]
[PlyCount "66"]
[EventDate "2019.10.02"]
[EventType "swiss"]
[EventCountry "IND"]
[SourceTitle "playchess.com"]
[Source "ChessBase"]
[SourceQuality "1"]
[TimeControl "40/5400+30:1800+30"]

1. d4 e6 2. c4 Nf6 3. Nc3 Bb4 4. e3 O-O 5. Bd3 d5 6. Nf3 c5 7. O-O b6 8. a3 Bxc3 9. bxc3 Ba6 10. cxd5 exd5 11. Bxa6 Nxa6 12. Qd3 Qc8 13. Nd2 Re8 14. f3 Qb7 15. Bb2 Re6 16. Rae1 Rae8 17. e4 c4 18. Qc2 dxe4 19. fxe4 Nxe4 20. Nxc4 Nf6 21. Rxe6 Rxe6 22. Ne5 b5 23. a4 bxa4 24. c4 Rb6 25. Ba1 Qe4 26. Qxa4 Rb1 27. Qa2 Rxf1+ 28. Kxf1 Nb4 29. Qb3 a5 30. Bb2 Qb1+ 31. Ke2 Qe4+ 32. Kf1 Qb1+ 33. Ke2 Qe4+ 1/2-1/2

[Event "WYCC U18 Open 2019"]
[Site "Mumbai"]
[Date "2019.10.10"]
[Round "9.8"]
[White "Aditya Mittal"]
[Black "Raghunandan, Kaumandur Srihari"]
[Result "1-0"]
[WhiteElo "2430"]
[BlackElo "2449"]
[Annotator "NA"]
[PlyCount "61"]
[EventDate "2019.10.02"]
[EventType "swiss"]
[EventCountry "IND"]
[SourceTitle "playchess.com"]
[Source "ChessBase"]
[SourceQuality "1"]
[TimeControl "40/5400+30:1800+30"]

1. d4 {[%emt 0:00:00]} d5 {[%emt 0:00:09]} 2. c4 {[%emt 0:00:00]} c6 {[%emt 0:00:24]} 3. Nf3 {[%emt 0:00:00]} Nf6 {[%emt 0:00:08]} 4. Nc3 {[%emt 0:00:00]} e6 {[%emt 0:00:10]} 5. Bg5 {[%emt 0:00:11]} h6 {[%emt 0:00:33]} 6. Bh4 {[%emt 0:00:05]} dxc4 {[%emt 0:00:09]} 7. e4 {[%emt 0:00:04]} g5 {[%emt 0:00:06]} 8. Bg3 {[%emt 0:00:04]} b5 {[%emt 0:00:08]} 9. Be2 {[%emt 0:00:06]} Bb7 {[%emt 0:00:18]} 10. Qc2 {[%emt 0:00:11]} Nh5 {[%emt 0:05:46]} 11. Be5 {[%emt 0:00:30]} f6 {[%emt 0:17:43]} 12. Nd2 {[%emt 0:00:41]} Ng7 {[%emt 0:16:24]} 13. Bg3 {[%emt 0:00:02]} Nd7 {[%emt 0:23:23]} 14. h4 {[%emt 0:19:19]} gxh4 {[%emt 0:04:51]} 15. Rxh4 {[%emt 0:03:29]} Be7 {[%emt 0:03:31]} 16. d5 {[%emt 0:19:40]} f5 {[%emt 0:03:12]} 17. dxe6 {[%emt 0:09:03]} Nc5 {[%emt 0:07:12]} 18. Rh3 {[%emt 0:09:23]} Ngxe6 {[%emt 0:03:37]} 19. Be5 {[%emt 0:00:20]} Bf6 {[%emt 0:00:46]} 20. exf5 {[%emt 0:00:36]} Nd4 {[%emt 0:04:27]} 21. Bxd4 {[%emt 0:01:23]} Qxd4 {[%emt 0:00:18]} 22. Re3+ {[%emt 0:03:15]} Kf8 {[%emt 0:00:38]} 23. Nde4 {[%emt 0:07:43]} Nxe4 {[%emt 0:01:57]} 24. Rxe4 {[%emt 0:00:36]} Qb6 {[%emt 0:02:55]} 25. Re6 {[%emt 0:01:46]} Bd4 {[%emt 0:01:47]} 26. O-O-O {[%emt 0:01:01]} Rd8 {[%emt 0:01:54]} 27. f6 {[%emt 0:01:39]} Qc7 {[%emt 0:00:27]} 28. Rxd4 {[%emt 0:12:05]} Rxd4 {[%emt 0:00:06]} 29. Bh5 {[%emt 0:00:02]} Rd8 {[%emt 0:00:43]} 30. Qg6 {[%emt 0:00:17]} Qd7 {[%emt 0:00:41]} 31. Rd6 {[%emt 0:00:08]} 1-0

[Event "WYCC U18 Open 2019"]
[Site "Mumbai"]
[Date "2019.10.10"]
[Round "9.9"]
[White "Petriashvili, Nikoloz"]
[Black "Buckels, Valentin"]
[Result "0-1"]
[WhiteElo "2441"]
[BlackElo "2442"]
[Annotator "ChessBase"]
[PlyCount "56"]
[EventDate "2019.10.02"]
[EventType "swiss"]
[EventCountry "IND"]
[SourceTitle "playchess.com"]
[Source "ChessBase"]
[SourceQuality "1"]
[TimeControl "40/5400+30:1800+30"]

1. c4 {[%emt 0:00:34]} e6 {[%emt 0:00:00]} 2. Nc3 {[%emt 0:00:19]} d5 {[%emt 0:00:00]} 3. d4 {[%emt 0:00:08]} a6 {[%emt 0:00:00]} 4. cxd5 {[%emt 0:01:10]} exd5 {[%emt 0:00:00]} 5. Nf3 {[%emt 0:02:46]} c6 {[%emt 0:00:52]} 6. e4 {[%emt 0:01:21]} dxe4 {[%emt 0:01:17]} 7. Nxe4 {[%emt 0:00:08]} Nf6 {[%emt 0:09:23]} 8. Bg5 {[%emt 0:12:26]} Bb4+ {[%emt 0:07:50]} 9. Nc3 {[%emt 0:01:01]} h6 {[%emt 0:13:28]} 10. Bh4 {[%emt 0:12:26]} Qa5 {[%emt 0:06:04]} 11. Bd3 {[%emt 0:08:01]} Bxc3+ {[%emt 0:01:44]} 12. bxc3 {[%emt 0:00:02]} Qxc3+ {[%emt 0:00:17]} 13. Kf1 {[%emt 0:00:05]} Nd5 {[%emt 0:00:34]} 14. Rc1 {[%emt 0:07:16]} Qa3 15. Ne5 {[%emt 0:00:36]} Nf4 {[%emt 0:09:05]} 16. Bc4 {[%emt 0:12:14]} O-O {[%emt 0:01:47]} 17. Qd2 {[%emt 0:03:47]} Nd5 {[%emt 0:02:38]} 18. Bxd5 {[%emt 0:01:25]} cxd5 {[%emt 0:00:02]} 19. Rc7 {[%emt 0:00:22]} Qd6 {[%emt 0:04:20]} 20. Qc3 {[%emt 0:02:14]} Nd7 {[%emt 0:01:33]} 21. Nd3 {[%emt 0:11:53]} Nf6 {[%emt 0:05:34]} 22. Qc5 {[%emt 0:01:17]} Qxc5 {[%emt 0:02:18]} 23. Nxc5 {[%emt 0:01:25]} b6 {[%emt 0:04:41]} 24. Na4 {[%emt 0:01:29]} g5 {[%emt 0:07:39]} 25. Bg3 {[%emt 0:00:34]} Bd7 {[%emt 0:00:30]} 26. Nxb6 {[%emt 0:10:06]} Bb5+ {[%emt 0:00:16]} 27. Kg1 {[%emt 0:00:05]} Rab8 {[%emt 0:00:40]} 28. a4 {[%emt 0:00:07]} Bxa4 {[%emt 0:01:03]} 0-1

[Event "WYCC U18 Open 2019"]
[Site "Mumbai"]
[Date "2019.10.10"]
[Round "9.10"]
[White "Garidmagnai, Byambasuren"]
[Black "Zhalmakhanov, Ramazan"]
[Result "0-1"]
[WhiteElo "2327"]
[BlackElo "2374"]
[Annotator "NA"]
[PlyCount "110"]
[EventDate "2019.10.02"]
[EventType "swiss"]
[EventCountry "IND"]
[SourceTitle "playchess.com"]
[Source "ChessBase"]
[SourceQuality "1"]
[TimeControl "40/5400+30:1800+30"]

1. d4 {[%emt 0:00:00]} Nf6 {[%emt 0:00:39]} 2. c4 {[%emt 0:00:00]} e6 {[%emt 0:00:13]} 3. Nc3 {[%emt 0:00:00]} Bb4 {[%emt 0:00:06]} 4. Qc2 {[%emt 0:00:00]} O-O {[%emt 0:01:50]} 5. a3 {[%emt 0:01:38]} Bxc3+ {[%emt 0:00:17]} 6. Qxc3 {[%emt 0:00:04]} Ne4 {[%emt 0:02:26]} 7. Qc2 {[%emt 0:00:43]} f5 {[%emt 0:00:16]} 8. Nf3 {[%emt 0:02:21]} b6 {[%emt 0:02:51]} 9. g3 {[%emt 0:01:26]} Bb7 {[%emt 0:10:01]} 10. Bg2 {[%emt 0:00:18]} Qf6 {[%emt 0:10:04]} 11. O-O {[%emt 0:01:59]} d6 {[%emt 0:03:03]} 12. b4 {[%emt 0:15:35]} Nd7 {[%emt 0:00:42]} 13. Bb2 {[%emt 0:00:28]} Qe7 {[%emt 0:04:25]} 14. Ne1 {[%emt 0:06:38]} c5 {[%emt 0:07:42]} 15. dxc5 {[%emt 0:04:35]} dxc5 {[%emt 0:07:03]} 16. b5 {[%emt 0:03:27]} e5 {[%emt 0:05:56]} 17. Nd3 {[%emt 0:06:57]} a5 {[%emt 0:06:44]} 18. Rad1 {[%emt 0:01:53]} Rad8 {[%emt 0:01:18]} 19. Qc1 {[%emt 0:09:15]} Nd6 {[%emt 0:13:25]} 20. Bc6 {[%emt 0:04:05]} Qe6 {[%emt 0:03:42]} 21. Bxd7 {[%emt 0:17:25]} Rxd7 {[%emt 0:00:07]} 22. Nxe5 {[%emt 0:00:05]} Re7 {[%emt 0:00:11]} 23. Qf4 {[%emt 0:03:06]} Nf7 {[%emt 0:04:58]} 24. Nc6 {[%emt 0:02:50]} Rd7 {[%emt 0:03:06]} 25. Ne5 {[%emt 0:14:16]} Nxe5 {[%emt 0:02:40]} 26. Qxe5 {[%emt 0:00:58]} Qf7 {[%emt 0:01:27]} 27. Rxd7 {[%emt 0:00:52]} Qxd7 {[%emt 0:00:01]} 28. Re1 {[%emt 0:01:01]} Re8 {[%emt 0:02:21]} 29. Qc3 {[%emt 0:00:31]} Re7 {[%emt 0:03:39]} 30. f3 {[%emt 0:00:15]} Qd6 {[%emt 0:00:47]} 31. Bc1 {[%emt 0:01:17]} h6 {[%emt 0:01:15]} 32. Kf2 {[%emt 0:00:18]} Kh7 {[%emt 0:01:21]} 33. h4 {[%emt 0:00:42]} Qe6 {[%emt 0:00:08]} 34. Qc2 {[%emt 0:00:50]} Rd7 {[%emt 0:01:25]} 35. g4 {[%emt 0:00:30]} Rf7 {[%emt 0:00:04]} 36. Bb2 {[%emt 0:00:38]} Qd6 {[%emt 0:01:14]} 37. Rh1 {[%emt 0:00:30]} Qg6 {[%emt 0:00:29]} 38. Rg1 {[%emt 0:00:41]} Qd6 {[%emt 0:00:13]} 39. Rg2 {[%emt 0:00:42]} Be4 {[%emt 0:00:43]} 40. fxe4 {[%emt 0:00:15]} Qf4+ {[%emt 0:00:01]} 41. Kg1 {[%emt 0:30:50]} Qe3+ {[%emt 0:30:41]} 42. Kh2 {[%emt 0:00:00]} Qf4+ {[%emt 0:00:00]} 43. Kh3 {[%emt 0:00:00]} fxg4+ {[%emt 0:00:00]} 44. Rxg4 {[%emt 0:00:00]} Qf1+ {[%emt 0:00:00]} 45. Rg2 {[%emt 0:00:00]} Qh1+ {[%emt 0:00:00]} 46. Kg3 {[%emt 0:00:00]} Qe1+ {[%emt 0:00:00]} 47. Kg4 {[%emt 0:00:00]} Qf1 {[%emt 0:00:00]} 48. e5+ {[%emt 0:00:00]} g6 {[%emt 0:00:00]} 49. Qe4 {[%emt 0:00:00]} Rf4+ {[%emt 0:00:00]} 50. Qxf4 {[%emt 0:00:00]} Qxg2+ {[%emt 0:00:00]} 51. Qg3 {[%emt 0:00:00]} Qxe2+ {[%emt 0:00:00]} 52. Qf3 {[%emt 0:00:00]} h5+ {[%emt 0:00:00]} 53. Kf4 {[%emt 0:00:00]} Qxb2 {[%emt 0:00:00]} 54. Qd3 {[%emt 0:00:00]} Qf2+ {[%emt 0:00:00]} 55. Ke4 {[%emt 0:02:36]} Qxh4+ {[%emt 0:00:00]} 0-1

[Event "WYCC U18 Open 2019"]
[Site "Mumbai"]
[Date "2019.10.10"]
[Round "9.11"]
[White "Bykov, Oleg"]
[Black "Aliyev, Ravan"]
[Result "1/2-1/2"]
[WhiteElo "2370"]
[BlackElo "2341"]
[Annotator "NA"]
[PlyCount "121"]
[EventDate "2019.10.02"]
[EventType "swiss"]
[EventCountry "IND"]
[SourceTitle "playchess.com"]
[Source "ChessBase"]
[SourceQuality "1"]
[TimeControl "40/5400+30:1800+30"]

1. d4 {[%emt 0:00:00]} g6 {[%emt 0:00:00]} 2. c4 {[%emt 0:00:19]} Bg7 {[%emt 0:00:00]} 3. Nc3 {[%emt 0:00:06]} c5 {[%emt 0:00:01]} 4. d5 {[%emt 0:00:04]} Bxc3+ {[%emt 0:00:06]} 5. bxc3 {[%emt 0:00:03]} f5 {[%emt 0:00:08]} 6. e4 {[%emt 0:02:45]} fxe4 {[%emt 0:00:18]} 7. f3 {[%emt 0:00:08]} d6 {[%emt 0:00:20]} 8. fxe4 {[%emt 0:00:25]} Nf6 {[%emt 0:00:07]} 9. Bd3 {[%emt 0:03:23]} Nbd7 {[%emt 0:01:23]} 10. Nf3 {[%emt 0:02:33]} Ng4 {[%emt 0:07:45]} 11. O-O {[%emt 0:01:05]} O-O {[%emt 0:09:21]} 12. h3 {[%emt 0:15:39]} Nge5 {[%emt 0:00:24]} 13. Bh6 {[%emt 0:00:18]} Rf7 {[%emt 0:04:52]} 14. Be2 {[%emt 0:07:17]} Nxf3+ {[%emt 0:03:24]} 15. gxf3 {[%emt 0:08:56]} Nf6 {[%emt 0:01:15]} 16. Kg2 {[%emt 0:08:30]} e5 {[%emt 0:04:18]} 17. dxe6 {[%emt 0:12:12]} Bxe6 {[%emt 0:01:00]} 18. Qd2 {[%emt 0:00:16]} Qd7 {[%emt 0:21:13]} 19. Rh1 {[%emt 0:00:10]} Re8 {[%emt 0:07:25]} 20. a4 {[%emt 0:05:10]} Qc6 {[%emt 0:03:07]} 21. Rhd1 Qc8 {[%emt 0:11:12]} 22. h4 {[%emt 0:08:24]} Nd7 {[%emt 0:05:59]} 23. Qxd6 {[%emt 0:05:41]} Ne5 {[%emt 0:01:20]} 24. Kg3 {[%emt 0:08:35]} Bxc4 {[%emt 0:08:57]} 25. Bxc4 {[%emt 0:00:19]} Nxc4 {[%emt 0:00:02]} 26. Qd5 {[%emt 0:00:11]} Nb6 {[%emt 0:02:27]} 27. Qg5 {[%emt 0:00:58]} Nd7 {[%emt 0:00:51]} 28. Rd6 {[%emt 0:03:39]} Qc7 {[%emt 0:05:50]} 29. Rad1 {[%emt 0:00:30]} Nf6 {[%emt 0:00:26]} 30. Kg2 {[%emt 0:01:01]} Nh5 {[%emt 0:00:56]} 31. Rd8 {[%emt 0:03:44]} Rfe7 {[%emt 0:00:01]} 32. Qd5+ {[%emt 0:02:47]} Kh8 {[%emt 0:00:01]} 33. Qd6 {[%emt 0:00:31]} Qxd6 {[%emt 0:01:16]} 34. Rxe8+ {[%emt 0:00:30]} Rxe8 {[%emt 0:00:01]} 35. Rxd6 {[%emt 0:00:05]} Kg8 {[%emt 0:00:22]} 36. Rd7 {[%emt 0:00:17]} Rb8 {[%emt 0:00:01]} 37. e5 {[%emt 0:00:29]} a6 {[%emt 0:01:06]} 38. a5 {[%emt 0:00:47]} b6 {[%emt 0:00:01]} 39. axb6 {[%emt 0:00:49]} Rxb6 {[%emt 0:00:01]} 40. f4 {[%emt 0:00:27]} a5 {[%emt 0:02:11]} 41. Ra7 {[%emt 0:30:44]} a4 {[%emt 0:10:51]} 42. Kf3 {[%emt 0:00:00]} Rb3 {[%emt 0:09:00]} 43. Ke2 {[%emt 0:00:00]} c4 {[%emt 0:05:35]} 44. Rxa4 {[%emt 0:00:00]} Ng3+ {[%emt 0:00:22]} 45. Kd2 {[%emt 0:00:00]} Ne4+ {[%emt 0:03:04]} 46. Ke3 {[%emt 0:00:00]} Nxc3 {[%emt 0:00:06]} 47. Ra8+ {[%emt 0:00:00]} Kf7 {[%emt 0:00:02]} 48. Kd4 {[%emt 0:00:00]} Ne2+ {[%emt 0:05:01]} 49. Kxc4 {[%emt 0:00:00]} Rb7 {[%emt 0:00:11]} 50. Ra6 {[%emt 0:02:23]} Ng3 {[%emt 0:00:44]} 51. e6+ {[%emt 0:00:48]} Kf6 {[%emt 0:00:01]} 52. Bg5+ {[%emt 0:00:21]} Kg7 {[%emt 0:00:00]} 53. e7 {[%emt 0:01:29]} Rb8 {[%emt 0:00:10]} 54. Kd5 {[%emt 0:01:14]} h6 {[%emt 0:01:14]} 55. Rd6 {[%emt 0:00:50]} Re8 {[%emt 0:00:47]} 56. Rd8 {[%emt 0:00:32]} Kf7 {[%emt 0:00:01]} 57. Rxe8 {[%emt 0:00:22]} Kxe8 {[%emt 0:00:01]} 58. Bf6 {[%emt 0:00:33]} Nh5 {[%emt 0:00:37]} 59. Ke5 {[%emt 0:00:38]} Kf7 {[%emt 0:00:10]} 60. Bh8 {[%emt 0:00:29]} Kxe7 {[%emt 0:00:07]} 61. Ke4 {[%emt 0:00:14]} 1/2-1/2